000 00433nam a2200181Ia 4500
005 20240823013839.0
008 240823s9999||||xx |||||||||||||| ||und||
041 _aENGLISH
082 _A621.3192 P5
100 _a"Gera,Harish"
245 0 _aBasic Circuit Theory and Network Analysis
250 _a1st
260 _c2005
_b"Galgoti,New D"
500 _aYES
650 _aCircuits
_bElectrical
942 _cBK
999 _c168396
_d168396